000
00206 a2200109 4500
020
_a
9789507243714
041
_a
spa
100
_a
Anthony de Mello
245
_a
Rompe el idolo
942
_c
BK
952
_7
1
999
_c
23538
_d
23538